[Event "BL2-Nord 1112"]
[Site "Germany"]
[Date "2012.01.15"]
[Round "5.2"]
[White "Fish, Gennadij"]
[Black "Svane, Rasmus"]
[Result "1/2-1/2"]
[WhiteElo "2492"]
[BlackElo "2351"]
[Annotator "Meyer,CD"]
[PlyCount "163"]
[EventDate "2011.10.02"]
[EventType "team-tourn"]
[EventRounds "9"]
[EventCountry "GER"]
[SourceTitle "CBM 147"]
[Source "ChessBase"]
[SourceDate "2012.03.16"]
[SourceVersion "1"]
[SourceVersionDate "2012.03.16"]
[SourceQuality "1"]
[WhiteTeam "Werder Bremen II"]
[BlackTeam "Luebeck"]
[WhiteTeamCountry "GER"]
[BlackTeamCountry "GER"]

{TÜCKEN DER VORTEILSVERWERTUNG} 1. d4 d5 2. c4 e6 3. Nc3 Be7 4. Nf3 Nf6 5. Bg5
h6 6. Bh4 O-O 7. e3 Ne4 8. Bxe7 Qxe7 9. Rc1 Nxc3 10. Rxc3 c6 11. Qc2 Nd7 12.
Be2 dxc4 13. Rxc4 e5 14. O-O exd4 {Diagramm [#]} 15. Rxd4 ({Die
"Lasker-Verteidigung" gilt nach wie vor als zäh. Die Alternative zum Textzug} 
15. Nxd4 {führte nach} Nb6 16. Rc5 Rd8 17. Bf3 Be6 18. Rc1 Bd5 19. a3 Nd7 20.
Rc3 Nf6 21. Bxd5 Rxd5 22. Rc4 Re8 23. h3 Ne4 24. b4 a5 25. Rb1 {zum Remis in
der Partie Radjabov,T (2744) - Kramnik,V (2785), Kazan 2011}) 15... Nf6 16.
Rfd1 Be6 17. e4 (17. b4 Rfd8 18. a3 Rxd4 19. Rxd4 $6 (19. Nxd4 Bd5) 19... a5 $1
20. Qb2 axb4 21. Rxb4 b5 $15 {0-1/43, Bacrot,E (2707) - Roiz,M (2611), Wch
Blitz, Rishon Le Ziyyon 2006}) 17... Rfd8 18. e5 Rxd4 19. Nxd4 Ng4 $2 ({
Ein übermütiger, abenteuerlicher Ausflug: Der Rappe kommt gleich in die
Bredouille. Das normale} 19... Nd5 $14 {/= versprach hingegen nahezu Ausgleich}
20. Qe4 (20. Nxe6 Qxe6) 20... Nc7 $5 (20... Re8) 21. Nxe6 (21. Bd3 g6 22. Nxe6
Nxe6 23. Bc4 Rd8) (21. f4 Qc5) 21... Nxe6 22. Rd6 (22. Bd3 Ng5) 22... Rd8 23.
Qb4 c5) 20. Qe4 $1 Qh4 ({"Wer A sagt, ..."} 20... h5 {dürfte wegen} 21. Bd3 g6
22. Nxe6 Qxe6 23. Bc4 Qf5 24. Qxf5 gxf5 25. e6 $1 fxe6 26. Bxe6+ Kg7 27. Bxf5 {
noch unerfreulicher für den Nachziehenden sein.}) 21. Qf4 {Der damit drohende
Figurenverlust zwingt Schwarz zur folgenden Abwicklung nebst Damentausch.} g5
22. Qg3 Qxg3 23. hxg3 {Diagramm [#] Was nun ?} h5 ({In dieser ernsten Lage ist
schwer zu sagen, ob} 23... Nxe5 {das geringere Übel war, z.B.} 24. f4 gxf4 25.
gxf4 Ng6 26. f5 Bxa2 27. fxg6 fxg6 {Schwarz bekommt immerhin drei Bauern für
seinen Springer.} 28. b3 $5 (28. Kf2 a5) 28... Rd8 29. Kf2 (29. Ne6 Rxd1+ 30.
Bxd1 b6 31. Nd4 c5 32. Nb5 c4 33. bxc4 Bxc4 34. Nxa7 Kf7) 29... a5 30. Rd2 (30.
Ke3 c5 31. Ne6 Rxd1 32. Bxd1 c4) 30... Bb1 31. Nf3 Rxd2 32. Nxd2 Bc2 33. Ke3
Kf7 34. Kd4 a4 35. bxa4 Bxa4 $16) 24. Nxe6 fxe6 25. Bxg4 ({Diesmal eine
schwere Entscheidung für Weiß, denn die Leichtfiguren vorerst auf dem Brett zu
behalten, kam ebenso in Betracht. Nach} 25. Rd7 $5 {und beispielsweise} b5 (
25... Nxe5 $143 26. Rxb7 g4 27. Re7) 26. Rd6 Kf7 27. Rxc6 Rd8 28. Rc7+ Kg6 29.
Kf1 Nxe5 30. Rc5 Nd3 $5 31. Bxd3+ (31. Rxb5 Nc1 $1 {/\Rd2 und Nxa2}) 31... Rxd3
32. Ke2 Rd7 33. Rxb5 $16 {entsteht ein vorteilhaftes Turmendspiel ähnlich der
Partie.}) 25... hxg4 26. Rd7 $16 {Diagramm [#] Weiß hat zu einem
chancenreichen, allerdings auch hochkomplizierten Turmendspiel abgewickelt.}
Rf8 $2 ({Schwarz strebt zu hastig Gegenspiel an. Seine Ressourcen waren besser
mit} 26... b5 $5 {auszuschöpfen:} 27. Kf1 (27. Re7 Rd8 $132) (27. Rd6 Kf7 28.
Rxc6 (28. Kf1 c5) 28... Rd8 $132) 27... c5 28. Ke2 Rf8 ({vielleicht auch} 28...
Kf8 29. Ke3 a6 30. Rc7 Rd8 31. Rxc5 Rd1 32. Rc6 (32. Rc2 b4) 32... Re1+) 29.
Rxa7 (29. Re7 Rf5 30. Rxe6 a5) 29... Rf5 30. a4 (30. Ra3 b4 31. Re3 Rf8 32. a4
bxa3 33. bxa3 Ra8 34. Rc3 Kf7) 30... Rxe5+ 31. Kd3 bxa4 32. Rxa4 Kf7 33. Rxg4
Rd5+ 34. Kc3 Kf6 $16 {mit zähem Widerstand}) 27. Rxb7 a5 (27... Rf5 $143 28.
Rxa7 Rxe5 29. Kf1 $18) 28. Re7 Rd8 {Diagramm [#]} 29. Kf1 $6 ({Um seinen König
nicht nach h2 abdrängen zu lassen, aber dadurch wird die Chose nur noch
kniffliger. Es gewann} 29. Rxe6 Rd1+ 30. Kh2 Rd2 31. Rxc6 {und nun z.B.} Rxf2 (
31... Rxb2 32. Rg6+ Kf7 33. Rxg5 Rxa2 34. Rxg4 Rxf2 35. Ra4 Ke6 36. Rxa5 $18)
32. Rg6+ ({Oder auch} 32. Rb6 Re2 33. e6 $1 Kg7 (33... Kf8 34. Rb5 a4 (34...
Ke7 35. Rxa5 Rxb2 36. Rxg5 Rb4 37. Rf5 Kxe6 38. Rf4 $18) 35. Rb4 a3 36. bxa3
Rxe6 37. Rxg4 $18) 34. Rb7+ Kf6 35. e7 Kf7 (35... Rxe7 36. Rxe7 Kxe7 37. Kg1
$18) 36. a4 Rxe7 (36... Re4 37. b3 Re3 38. b4 axb4 39. Rxb4 Kxe7 (39... Rxe7
40. Rxg4 Re5 (40... Kg6 41. a5) 41. Rb4 Kg6 42. Kh3) 40. Rxg4 Kf6 41. Rb4 Kg6
42. g4 ({oder} 42. Kh3 Kh5 43. Rb5) 42... Ra3 43. Rb6+ Kf7 44. Ra6 {usw. +-})
37. Rb5 Re2 38. b3 Re3 39. Rxa5 Rxb3 40. Rxg5 Rb4 41. Rf5+ Ke6 42. Rf4 $18)
32... Kh7 (32... Kf7 $2 33. Rf6+ $18) 33. Rxg5 Rxb2 34. a4 (34. Rxg4 $143 Rxa2
35. Re4 Kg7) 34... Re2 (34... Rb4 35. e6 Re4 36. Rxa5 Rxe6 37. Rf5 $18 (37. Kg1
$18)) 35. Rxg4 Rxe5 (35... Kh6 36. Rf4) 36. Rf4 Kg6 37. g4 Re8 38. Rf5 {usw.})
29... Rd2 30. Rxe6 Rxb2 {Diagramm [#]} 31. Rxc6 $2 ({Allem Anschein nach war
hierfür jetzt keine Zeit und vergibt diese verlockende Fortsetzung den Sieg.
Aber all dies ist am Brett freilich nicht vorauszusehen. Korrekt war} 31. Rg6+
$1 Kf7 32. Rxg5 {mit heftigen Komplikationen:} Rxa2 (32... a4 33. a3 (33. Rxg4
Rxa2 34. Rf4+ Ke6 35. Rf6+ Kxe5 36. Rxc6 Rb2 37. Ra6 $18) 33... Ra2 34. Rxg4
Rxa3 35. Ke2 $1 (35. Rf4+ $6 Ke6 36. Rf6+ Kxe5 37. Rxc6 Rb3 38. Ra6 a3 39. Kg1
Kd4 40. Kh2 Kc3 41. g4 Kb2 42. g5 a2 43. g6 Rb8 44. f4 Rf8 45. Kg3 (45. g3 a1=Q
46. Rxa1 Kxa1 $11) 45... Rf6 46. Rxf6 a1=Q $11) 35... Ke6 36. f4 Rb3 37. Rg6+
Kf5 38. Rf6+ Ke4 39. e6 Rb2+ 40. Kf1 Rb1+ 41. Kf2 Rb2+ 42. Kg1 Kd5 43. e7 Re2
44. Rf5+ Kd6 45. Ra5 Rxe7 46. Rxa4 c5 (46... Re2 47. g4) 47. Kf2 $18) (32...
Ke6 33. Rxg4 Kxe5 34. Ra4 $18) 33. Rxg4 Ra1+ (33... a4 34. Rf4+ Ke6 35. Rf6+
Kxe5 36. Rxc6 Ra1+ 37. Ke2 Ke4 38. Rc4+ Kd5 39. Rf4 Ra2+ 40. Ke3 Ke5 (40...
Ra3+ 41. Kd2 Ra2+ 42. Kc3 $18) 41. Re4+ Kd5 42. Rd4+ Kc5 43. g4 $18) 34. Ke2
Ra2+ 35. Ke3 Ra3+ 36. Kd2 Ra2+ 37. Kc3 Ke6 38. f4 Rxg2 39. Kd4 Rd2+ 40. Ke4
Re2+ 41. Kf3 Re1 42. Rg6+ Kd5 43. Rd6+ Kc5 44. g4 a4 45. Rd2 a3 46. g5 Rb1 47.
g6 Rb2 48. Rd1 a2 49. g7 Rb1 50. g8=Q a1=Q 51. Qg1+ Kc4 52. Rxb1 $18) 31...
Rxa2 32. Rf6 $6 ({Die kritische (und auch von den Kiebitzen erwartete)
Variante lautet} 32. Rg6+ Kf7 33. Rxg5 {und Weiß wird schon "irgendwie"
gewinnen. Aber hier "steckt der Teufel im Detail". Man sehe (und staune):} Ke6
$8 {Diagramm [#] (Analyse)} (33... Ra1+ $2 34. Ke2 Ra2+ 35. Ke3 Ra4 36. f4 $18)
(33... Ra4 34. Ke2 Ra2+ 35. Ke3 $18) 34. f4 (34. Rxg4 Ra1+ 35. Ke2 Ra2+ 36. Ke3
(36. Ke1 Ra1+ 37. Kd2 Ra2+ 38. Kc3 Rxf2 $11) 36... Ra3+ $11) (34. Kg1 Ra1+ 35.
Kh2 Ra2 $11) (34. Rg6+ Kxe5 35. Rg5+ (35. Rxg4 Ra1+ 36. Ke2 Ra2+ $11) 35... Kd6
$11) 34... gxf3 35. gxf3 a4 $1 {Daß Schwarz sich hier tatsächlich zu retten
vermag, hatte keiner vermutet!} 36. f4 (36. Rg6+ Kxe5 37. Ra6 Kd4 38. g4 (38.
f4 Ke4 $11) 38... Ke3 $11) (36. Rg4 a3 37. Ra4 Kxe5 38. g4 Rb2 39. Rxa3 Kf4 $11
) 36... Rh2 37. Kg1 (37. Rg6+ Kf5) (37. g4 a3 38. Rg6+ Ke7 39. Ra6 a2 40. f5
a1=Q+ 41. Rxa1 Rh1+ 42. Ke2 Rxa1 43. Kf2 $8 {!=}) 37... Re2 38. Rg6+ Kf5 39.
Ra6 Kg4 40. Rxa4 Kxg3 $11 41. Kf1 Rb2 42. e6 Kf3 $8 43. Ra1 (43. Ke1 Re2+)
43... Kxf4 44. Rd1 Rb8 45. e7 Re8) (32. f4 gxf3 33. gxf3 a4 {und Schwarz kann
sich ebenfalls behaupten, z.B.} 34. Ra6 (34. Rc7 Ra3 35. Kf2 (35. Kg2 Re3)
35... Rb3 36. f4 g4 37. e6 Kf8 $11) 34... Kf7 35. f4 (35. Ke1 a3) 35... gxf4
36. gxf4 Ra1+ 37. Kf2 a3 38. f5 a2 39. Ra7+ Ke8 40. Kg2 Re1 41. Rxa2 Rxe5 $11)
32... Kg7 {Wonach die verzweifelten Gewinnversuche des Weißen ins Leere laufen.
} 33. Rf5 Kg6 $11 34. Rf6+ Kg7 35. Ke1 a4 36. Ra6 Kf7 37. Kf1 Ke7 38. Kg1 Ra1+
39. Kh2 Ra2 40. Rf6 Re2 41. Ra6 Ra2 42. Rg6 Rxf2 43. Rxg5 a3 44. Rxg4 a2 45.
Ra4 Ke6 46. Ra5 Rf1 $6 ({Merkwürdig, eine zielstrebige Abwicklung wie etwa} 
46... Re2 47. Kh3 Rxe5 48. Rxa2 Kf6 $11 {erschien gegeben.}) 47. Rxa2 Kxe5 48.
Ra3 {Diagramm [#]} Rf8 $8 49. Ra4 $6 ({Danach kann Weiß nicht verhindern, daß
der schwarze König letztlich problemlos vor die Bauern gelangt. Im Nachhinein
ärgerte sich Gennadij, daß er die laxe Behandlung seines jungen Gegners nicht
mit} 49. Re3+ {auf die Probe gestellt hatte. Denn danach hätte Schwarz noch
eine Reihe von einzigen Zügen finden müssen:} Kd4 $8 50. Re7 Rh8+ $8 51. Kg1
Rf8 $8 52. g4 Rf4 $8 53. Kh2 Rxg4 $8 54. Kh3 Rg8 $8 55. g4 Kd5 $8 56. Kh4 Kd6
$8 57. Re3 Rh8+ $8 58. Kg5 Rg8+ $8 $11) 49... Rh8+ 50. Rh4 Ra8 51. Rf4 Rh8+ 52.
Kg1 Rg8 53. Kf2 Rb8 54. Kf3 Ra8 55. Kf2 Rg8 56. Rf3 Ke6 57. Re3+ Kf5 58. Kf3
Rf8 59. g4+ Kg5+ 60. Kg3 Rf1 61. Re5+ Kg6 62. Ra5 Rf8 63. Kh4 Rh8+ 64. Rh5 Ra8
65. Rg5+ Kf6 66. Rb5 Rh8+ 67. Rh5 Ra8 68. Rh6+ Kg7 69. Rb6 Ra5 70. g3 Rc5 71.
g5 Rc1 72. Kg4 Ra1 73. Rb4 Kg6 74. Rf4 Rb1 75. Rf6+ Kg7 76. Ra6 Rc1 77. g6 Rc4+
78. Kh5 Rc5+ 79. Kh4 Rc4+ 80. g4 Rc5 81. g5 Rc1 82. Kg4 1/2-1/2

[Event "Asia-ch 5th"]
[Site "Hyderabad"]
[Date "2005.10.06"]
[Round "1"]
[White "Kunte, Abhijit"]
[Black "Roy Chowdhury, Saptarshi"]
[Result "1-0"]
[WhiteElo "2553"]
[BlackElo "2397"]
[Annotator "Mueller,Karsten"]
[PlyCount "109"]
[EventDate "2005.10.05"]
[EventType "swiss"]
[EventRounds "9"]
[EventCountry "IND"]
[SourceTitle "CBM 110"]
[Source "ChessBase"]
[SourceDate "2006.01.31"]
[SourceVersion "1"]
[SourceVersionDate "2006.01.31"]
[SourceQuality "1"]

1. d4 d5 2. c4 e6 3. Nc3 Nf6 4. Bg5 Be7 5. e3 O-O 6. Nf3 h6 7. Bh4 Ne4 8. Bxe7
Qxe7 9. Rc1 c6 10. Qb3 Nd7 11. Bd3 Nxc3 12. Rxc3 dxc4 13. Bxc4 b6 14. Qa3 Qxa3
15. Rxa3 Bb7 16. Ke2 Rfc8 17. Rc1 Kf8 18. b4 Ke7 19. Ba6 Bxa6+ 20. Rxa6 Kd6 21.
Nd2 e5 22. dxe5+ Nxe5 23. Ra3 Rc7 24. f4 Nd7 25. Rd1 Ke7 26. Nc4 b5 27. Nd6 g6
28. e4 Rb8 29. Rc3 c5 30. Rd5 a5 31. bxc5 b4 32. Rc1 Rxc5 33. Rdxc5 Nxc5 34.
Rxc5 Kxd6 35. Rxa5 b3 36. axb3 Rxb3 37. f5 g5 38. e5+ Ke7 39. h3 h5 40. Ra7+
Ke8 41. Ra8+ Ke7 42. Rg8 Rb2+ 43. Kf3 Rb3+ 44. Ke4 Rb4+ 45. Kd5 Rb5+ 46. Kd4 f6
47. Rg7+ Kf8 48. exf6 Rxf5 49. Ke4 Rxf6 50. Rxg5 Rh6 51. g3 {[%tqu "De","Wie
konnte sich Schwarz noch retten?","Aktivität ist im Turmendspiel oberste
Bürgerpflicht","es ist kein Königszug","f8e7","",0,"h5h4","",5]} Ke7 $2 (51...
h4 52. g4 Ra6 53. Rh5 Ra3 54. Rxh4 Kg7 55. Rh5 Kg6 $11 {und wegen der
unglücklichen Stellung seines Turmes kann Weiß nicht gewinnen.}) 52. Kf4 Kf7
53. Ra5 Rb6 (53... Rh8 54. Kg5 h4 55. g4 Ke6 56. Ra6+ Kf7 57. Rh6 $18) 54. Rxh5
Rb4+ 55. Kg5 (55. Kg5 Rb5+ 56. Kh4 Rb4+ 57. g4 $18) 1-0

[Event "Candidates (Women) final"]
[Site "St Petersburg"]
[Date "1995.??.??"]
[Round "5"]
[White "Polgar, Zsuzsa"]
[Black "Chiburdanidze, Maia"]
[Result "1/2-1/2"]
[WhiteElo "2545"]
[BlackElo "2520"]
[Annotator "Polgar,Zsu"]
[PlyCount "82"]
[EventDate "1995.03.??"]
[EventType "match"]
[EventRounds "7"]
[EventCountry "RUS"]
[SourceTitle "CBM 046"]
[Source "ChessBase"]
[SourceDate "1995.06.01"]
[SourceVersion "1"]
[SourceVersionDate "1995.06.01"]
[SourceQuality "1"]

1. d4 d5 2. c4 e6 3. Nf3 Nf6 4. Nc3 Be7 5. Bg5 O-O 6. e3 h6 7. Bh4 Ne4 8. Bxe7
Qxe7 9. Qc2 Nxc3 10. Qxc3 dxc4 11. Bxc4 b6 12. Be2 Bb7 13. O-O Rc8 14. b4 c5
15. dxc5 bxc5 16. b5 Nd7 17. a4 a6 18. Rfc1 (18. Rfd1 $5) (18. Nd2 $5) 18...
axb5 $146 (18... c4 {Psakis,L-Yusupov,A/1992}) 19. Bxb5 (19. axb5 Nb6 $10)
19... Bc6 (19... c4 $5) 20. Bxc6 Rxc6 21. a5 Qf6 22. Qxf6 gxf6 (22... Nxf6 23.
Ne5 Rc7 24. Nc4 $16) 23. Nd2 $1 Rca6 24. Nc4 Rb8 25. f4 (25. Rab1 Rb4 $1 (25...
Rxb1 $2 26. Rxb1 Ne5 27. Nxe5 fxe5 28. Rb5 $16) 26. Rxb4 (26. f4 {- 25.f4})
26... cxb4 27. Rb1 Rc6 28. Rxb4 Ne5 29. Nd2 Rc1+ 30. Nf1 Ra1 $10) 25... Rb4 26.
Rab1 Nb8 $1 27. Rxb4 cxb4 28. Nd2 $1 (28. Nb6 $2 Rxa5 29. Rc8+ Kg7 30. Rxb8 Rb5
$1 $19) 28... Nc6 29. Nb3 f5 (29... Nxa5 $4 30. Ra1 $18) 30. Rc5 Kf8 31. Kf2
Ke7 32. h3 $6 (32. Ke2 $1 Kd6 33. Kd3 $16) 32... Kd6 33. g4 (33. Ke2 $142)
33... fxg4 34. hxg4 Ra8 35. e4 Na7 $1 36. e5+ Kd7 37. Rc4 Nc6 38. Kg3 $2 (38.
Rc1 $1 Ra7 39. Rc5 Ra8 40. Kg3 Na7 41. Rc4 Nc6 42. Rc1 $1 $18) 38... Nxa5 $10
39. Nxa5 Rxa5 40. Rxb4 Ke7 41. Rb8 Ra3+ 1/2-1/2

[Event "Rohde op 07th"]
[Site "Sautron"]
[Date "2007.11.03"]
[Round "9"]
[White "Dobrev, Nanko"]
[Black "Bedouin, Xavier"]
[Result "0-1"]
[WhiteElo "2448"]
[BlackElo "2342"]
[Annotator "RR"]
[PlyCount "60"]
[EventDate "2007.10.27"]
[EventType "swiss"]
[EventRounds "9"]
[EventCountry "FRA"]
[SourceTitle "EXT 2008"]
[Source "ChessBase"]
[SourceDate "2007.11.25"]
[SourceVersion "1"]
[SourceVersionDate "2007.11.25"]
[SourceQuality "1"]

1. d4 d5 2. c4 e6 3. Nc3 Be7 4. Nf3 Nf6 5. Bg5 h6 6. Bh4 O-O 7. e3 Ne4 (7... b6
{La ligne principale}) 8. Bxe7 Qxe7 9. Qc2 c6 10. Bd3 Nxc3 11. Qxc3 Nd7 12. O-O
dxc4 13. Bxc4 b6 14. e4 (14. b4) (14. Rac1) 14... Bb7 15. Rfe1 c5 ({RR} 15...
Rfe8 16. Rad1 c5 17. Bb5 Red8 18. d5 exd5 19. exd5 Qf6 20. Qc4 Nf8 21. Ne5 Ng6
22. Nxg6 Qxg6 23. Re7 Bxd5 24. Qf1 Bxa2 25. Rxa7 Bb3 26. Rd3 Be6 27. Qa1 Rab8
28. Rb7 c4 29. Rxb8 Qxd3 30. Rxd8+ {Geller,E (2615)-Krogius,N (2575)/Leningrad
1971/URS-ch/0-1 (47)}) 16. d5 exd5 17. exd5 Qf6 18. Qe3 $5 $146 ({RR} 18. Bb5
Rfd8 19. Rad1 Qxc3 20. bxc3 Nf6 21. c4 a6 22. Bc6 Bxc6 23. dxc6 Rxd1 24. Rxd1
Rc8 25. Ne5 Ne8 26. Rd7 b5 27. Kf1 bxc4 28. Ke2 Nf6 29. Re7 Nd5 30. Rd7 Nf6 31.
Ra7 Nd5 32. f4 Nxf4+ {Muco,F (2425)-Toth,B (2405)/Bern 1996/CBM 051 ext/0-1 
(38)}) ({RR} 18. Ne5 $142 Nxe5 19. Rxe5 Rad8 20. Rae1 {1/2-1/2 Bilek,I (2490)
-Lengyel,L (2485)/Budapest 1971/MCD}) (18. Rad1 $5 {[%cal Gd1d5] Ce coup
naturel soutenant le P passé mériterait un essai}) (18. d6 $5 Bxf3 19. Qxf3
Qxf3 20. gxf3 $16 {[%cal Ge1e7]}) 18... Qxb2 19. Qe7 Rad8 20. d6 $2 Bxf3 $1 21.
Bxf7+ {[%cal Ge7d8]} Kh8 (21... Rxf7 22. Qxd8+ Kh7 23. gxf3 Ne5 $40 {[%cal
Ge5f3]}) 22. gxf3 Ne5 23. Bh5 Nd3 {[%cal Gd3e1,Gd3f2]} 24. Rf1 Qd4 (24... Nxf2
$1) 25. Rad1 Qxd6 26. Qxa7 Qe5 27. Bg4 h5 28. Bd7 Rxf3 29. Qb7 Qg5+ 30. Kh1
Nxf2+ 0-1

[Event "Sautron op 15th"]
[Site "Sautron"]
[Date "2015.10.24"]
[Round "2.1"]
[White "Le Roux, Jean Pierre"]
[Black "Delorme, Alban"]
[Result "1-0"]
[WhiteElo "2572"]
[BlackElo "2303"]
[Annotator "RR"]
[PlyCount "75"]
[EventDate "2015.10.24"]
[EventType "swiss"]
[EventRounds "9"]
[EventCountry "FRA"]
[SourceTitle "EXT 2019"]
[Source "ChessBase"]
[SourceDate "2018.10.10"]
[SourceVersion "1"]
[SourceVersionDate "2018.10.10"]
[SourceQuality "1"]
[TimeControl "40/5400+30:1800+30"]
[WhiteClock "0:06:14"]
[BlackClock "0:17:28"]

1. d4 {[%emt 0:00:00]} d5 {[%emt 0:00:00]} 2. Nf3 {[%emt 0:00:23]} Nf6 {
[%emt 0:01:13]} 3. c4 {[%emt 0:00:19]} e6 {[%emt 0:00:10]} 4. Nc3 {[%emt 0:01:
22]} Be7 {[%emt 0:03:12]} 5. Bg5 {[%emt 0:00:14]} h6 {[%emt 0:01:16]} 6. Bh4 {
[%emt 0:00:15]} O-O {[%emt 0:01:19]} 7. e3 {[%emt 0:01:18]} Ne4 {[%emt 0:03:37]
} (7... b6) 8. Bxe7 {[%emt 0:00:06]} Qxe7 {[%emt 0:00:09]} 9. Rc1 {[%emt 0:00:
06]} Rd8 $6 {[%emt 0:08:43] Une ligne secondaire assez passive et qui donne
une petite avance de développement aux Blancs} (9... c6 $142 10. Bd3 Nxc3 11.
Rxc3 dxc4 12. Bxc4 Nd7 13. O-O b6 14. Bd3 c5 15. Qc2 Bb7 16. Bh7+ Kh8 17. Be4
Bxe4 18. Qxe4 a5 19. h3 Rfd8 20. Rfc1 cxd4 21. Nxd4 Nc5 22. Qc2 Rac8 23. Nb3
Nxb3 24. Rxc8 Nxc1 25. Qxc1 Rxc8 26. Qxc8+ Kh7 27. Qc2+ Kg8 28. a3 {1/2-1/2 
(28) Harikrishna,P (2740)-Moiseenko,A (2710) Kocaeli 2015}) (9... Nxc3 10. Rxc3
c6) 10. Qc2 {[%emt 0:07:09]} Nxc3 {[%emt 0:04:19]} 11. Qxc3 {[%emt 0:00:10]
[%csl Ge5]} c6 {[%emt 0:07:09]} 12. Be2 {[%emt 0:04:35]} (12. Bd3) 12... Nd7 {
[%emt 0:01:57]} 13. O-O {[%emt 0:01:54]} dxc4 $146 {[%emt 0:04:45]} (13... a5
14. a3 Nf6 15. Rfd1 Bd7 16. Bd3 Be8 17. Bb1 b5 18. c5 Nd7 19. Re1 Rdb8 20. b4
Ra7 21. Nd2 axb4 22. axb4 Rba8 23. Nb3 f5 24. Na5 Nf6 25. f3 Qc7 26. e4 dxe4
27. fxe4 Ng4 28. g3 Qd7 29. Rcd1 Nf6 30. exf5 exf5 31. Re5 g6 32. Ba2+ Bf7 33.
Bxf7+ Kxf7 34. Qb3+ Kg7 35. Qe6 Rc8 36. Qxd7+ Rxd7 37. Re6 Rdc7 38. d5 cxd5 39.
Rb6 Re7 40. Rxb5 Re2 41. Rb7+ Kf8 42. Rb6 Kg7 43. Rb7+ {Donchenko,A-Loisha
Rostov on Don 1972 1/2-1/2 (69)}) 14. Qxc4 {[%emt 0:01:20]} e5 {[%emt 0:01:31]}
15. Rfd1 $32 {[%emt 0:01:10][%csl Ra8,Rc8]} Nb6 {[%emt 0:08:13]} 16. Qc5 $1 {
[%emt 0:06:43] Transpose dans une bonne finale pour les Blancs} Qxc5 {[%emt 0:
05:04]} 17. dxc5 {[%emt 0:00:27]} Rxd1+ {[%emt 0:00:30]} 18. Bxd1 {[%emt 0:05:
22]} (18. Rxd1 $2 Na4 {[%cal Ga4c5,Ga4b2]}) 18... Nd7 {[%emt 0:02:11]} 19. Nd2
{[%emt 0:01:10][%csl Rb7,Rc8][%cal Gd2e4,Ge4d6]} Kf8 {[%emt 0:03:48]} 20. Bb3
$32 {[%emt 0:06:54][%csl Ra8,Rc8]} (20. Ne4 f5 21. Nd6 Ke7) 20... Ke7 {[%emt 0:
01:31]} 21. f4 $1 {[%emt 0:00:55]} f5 {[%emt 0:05:42]} 22. Kf2 {[%emt 0:05:39]}
Nf6 {[%emt 0:01:49]} 23. h3 {[%emt 0:01:19]} e4 {[%emt 0:02:07][%csl Rc8]} 24.
Rc4 {[%emt 0:06:40]} (24. Nc4 {[%cal Gc4e5]}) 24... Be6 {[%emt 0:05:12]} 25.
Rb4 $36 {[%emt 0:03:01]} Rb8 {[%emt 0:01:14]} 26. Bxe6 {[%emt 0:07:10]} Kxe6 {
[%emt 0:00:33]} 27. Nb3 $1 {[%emt 0:00:31][%csl Rb7,Rc6][%cal Gb3a5]} (27. Nc4
Nd5 28. Rb3) 27... Nd7 {[%emt 0:05:24]} 28. g4 $1 $40 {[%emt 0:05:04] Avec des
coups simples, le GMI a pris un gros avantage} g6 {[%emt 0:01:38]} 29. Rd4 $1 {
[%emt 0:08:48][%csl Gd6,Rg6,Rh6][%cal Gd4d6]} Ke7 {[%emt 0:00:55]} 30. Rd6 {
[%emt 0:03:21]} Nxc5 {[%emt 0:00:28]} 31. Rxg6 {[%emt 0:00:08]} Nd3+ {[%emt 0:
01:55]} (31... Nxb3 32. axb3 {[%csl Rh6]}) 32. Ke2 {[%emt 0:05:07]} c5 {
[%emt 0:01:33]} 33. gxf5 {[%emt 0:09:05]} (33. Rxh6) 33... c4 $2 {[%emt 0:00:
28]} 34. Nd2 {[%emt 0:00:16][%cal Gd2c4,Gd2e4]} Nxb2 {[%emt 0:00:19]} 35. Nxe4
$18 {[%emt 0:00:05]} b5 {[%emt 0:00:30]} 36. Rxh6 {[%emt 0:02:22]} Rf8 {
[%emt 0:00:32]} 37. Rh7+ {[%emt 0:01:37] Une partie a sens unique} Kd8 {
[%emt 0:00:06]} 38. f6 {[%emt 0:00:41]} 1-0